00532 2200193 4500001002100000005001500021035002000036007000300056008004100059020002200100082000800122084001400130100001800144245007200162250000600234260003300240300004000273650002500313INLIS00000000000201520260211075009 a0010-0226000025ta260211 g 0 eng  a978-979-3673-23-0 a950 a950 THE t0 aThee Kian Wie1 aThe Asia-Pacific Century in Historical Perspective /cThee Kian Wie a- aJakarta :bLIPI Press,c2005 axii + 210 hlm. :b- ;c14.5 x 21 cm aSejarah Asia-Pacific